Viisi köyhintä valtiota maanosittain - Statistics

Yleistilastot
  • Tätä visaa on pelattu 892 kertaa
  • Keskiarvotulos 16 / 30
Vastaustilastot
Maanosa BKT asukasta kohden Valtio % Oikein
Eurooppa 15 620 $ Kosovo
73%
Eurooppa 16 840 $ Moldova
73%
Eurooppa 19 000 $ Albania
69%
Etelä-Amerikka 16 100 $ Peru
65%
Etelä-Amerikka 8 030 $ Venezuela
65%
Etelä-Amerikka 10 300 $ Bolivia
63%
Etelä-Amerikka 15 600 $ Paraguay
63%
Pohjois-Amerikka 3 250 $ Haiti
62%
Etelä-Amerikka 13 500 $ Ecuador
60%
Afrikka 1 370 $ Somalia
60%
Eurooppa 13 900 $ Ukraina
60%
Eurooppa 19 600 $ Bosnia ja Hertsegovina
58%
Aasia 1 590 $ Pohjois-Korea
56%
Pohjois-Amerikka 7 230 $ Honduras
54%
Afrikka 1 470 $ Kongon dem. tasavalta
54%
Afrikka 516 $ Etelä-Sudan
51%
Pohjois-Amerikka 7 600 $ Nicaragua
51%
Oseania 3 000 $ Vanuatu
51%
Aasia 2 460 $ Afganistan
50%
Oseania 3 930 $ Mikronesia
49%
Pohjois-Amerikka 10 940 $ Belize
48%
Pohjois-Amerikka 10 550 $ Guatemala
47%
Oseania 4 520 $ Papua-Uusi-Guinea
46%
Oseania 2 410 $ Salomoninsaaret
46%
Aasia 2 790 $ Syyria
46%
Oseania 2 380 $ Kiribati
45%
Aasia 3 640 $ Itä-Timor
38%
Afrikka 1 130 $ Keski-Afrikan tasavalta
38%
Afrikka 891 $ Burundi
37%
Aasia 2 040 $ Jemen
37%
Ehtoja vastaavia visoja ei löytynyt
Tulosjakauma
Jokaisen tuloksen saaneiden osuus
Persentiili vastausten määrän mukaan
Tuloshistoriasi
Et ole pelannut tätä visaa